[Event "Biel 53rd"]
[Site "Biel"]
[Date "2020.07.29"]
[Round "7"]
[White "Wojtaszek, Radoslaw"]
[Black "Studer, Noel"]
[Result "1-0"]
[WhiteElo "2719"]
[BlackElo "2580"]
[Annotator "Wojtaszek,R"]
[PlyCount "117"]
[EventDate "2020.07.21"]
[EventType "tourn"]
[EventRounds "7"]
[EventCountry "SUI"]
[EventCategory "17"]
[SourceTitle "CBM 197"]
[Source "ChessBase"]
[SourceDate "2020.07.27"]
[SourceVersion "1"]
[SourceVersionDate "2020.07.27"]
[SourceQuality "1"]

{[%evp 0,117,31,1,72,-44,23,-55,-69,-73,42,-13,-21,-17,31,-10,24,-57,22,-12,31,
4,78,0,40,5,54,9,22,-56,25,19,53,43,56,17,65,16,84,4,19,-19,20,28,30,-131,-35,
-32,-67,-193,-200,-173,87,87,121,106,106,112,112,141,141,123,139,130,130,106,
136,136,136,136,136,129,129,151,140,124,160,148,175,174,178,165,174,196,180,
127,157,132,174,193,192,133,131,127,127,127,136,98,66,117,117,81,76,76,74,74,
100,113,101,101,101,101,101,114,138,128,128,204,324,433] The (almost) whole
tournament in Biel was going my way. After strong scores in blitz and rapid I
was in a sole lead with 3 rounds to go. My loss to Hari and draw against young
and talented GM Vincent Keymer complicated things a lot and before the last
round everything was open again. Still, I was in the driving seat and to win
the tournament I needed "only" to win the last round. As typical must win
situation as you can imagine!} 1. d4 Nf6 2. c4 e6 3. g3 {Before the round I
was going through my opponent's games and realized that his opening knowledge
was quite wide. Therefore I decided to play the Catalan which normally gives a
long game with many pieces on the board. Honestly speaking I wasn't too
satsfied with my choice, but didn't find anything which would suit better for
this game.} Bb4+ 4. Bd2 Be7 5. Bg2 d5 6. Nf3 O-O 7. O-O Nbd7 {All this was
expected and here I decided to choose a sideline which I had prepared years
before this game, but still hadn't got a chance to use it.} 8. a4 $5 {Nowadays
is much more fashionable to push the h-pawn every time you have a chance. Even
in this calm Catalan line you can find some recent examples like Dubov-Ding,
2020, very cool game. The move chosen by me is definitely less spectacular,
mainly directed against b6 plans.} a5 9. Qc2 c6 10. Na3 {Not the perfect
square for the knight but it has to go somewhere...} (10. Nc3 dxc4) 10... Bd6
$1 {A very strong move order, and deep inside already here I suspected that my
choosen line was far from perfect. The point of Bd6 is that Black wants to be
flexible and keep both e5 and Ne4-f5 options open.} (10... b6 $6 11. cxd5 cxd5
12. Nb5 {showing the main point of the a4-a5 inclusion.}) (10... Ne4 $6 11. Be3
f5 12. Ne1 {and compared to game continuation, White didn't waste time for
Rfd1.}) 11. Rfd1 (11. Ne1 Re8 $1 12. Nd3 e5 13. cxd5 e4 $1 14. Nf4 cxd5 {
and the game Ding-Anand 2020 has shown that Black is the side who is playing
for an advantage here.}) 11... Ne4 $1 12. Be3 f5 13. Qc1 $1 (13. Ne1 {is the
obvious alternative but doesn't quite work in view of} Ndf6 14. f3 (14. Nd3 Ng4
) 14... Nxg3 15. hxg3 Bxg3 {with strong compensation.}) 13... h6 14. Ne1 g5 (
14... Ndf6 $6 {now is less effective:} 15. f3 Nxg3 16. hxg3 Bxg3 17. Bf4 $1 Nh5
18. Bxg3 Nxg3 19. Qd2 f4 20. Nd3 Rf5 21. Nc2 Qh4 22. e3 $1 {and there is no
mate and an extra piece gives White an edge.}) 15. f3 Nef6 16. Nd3 Qe7 17. Bf2
{Around here my preparation ended. I assesed this position as "interesting and
playable" which certainly is correct, but what I underestimated is the fact
that it is White who needs to be more precise in order not to end up under a
dangerous attack.} Qg7 18. Re1 $6 {I thought that I'm getting e4 but it turned
out way too optimistic. Without e4 it's just a waste of tempo.} ({It's
definitely not easy for White to recommend something convincing but after
spending some time with engines here I (not surpringsly) agree with Leela that
the best probably is} 18. Qc3 $1 {preparing the knight's manoeuvre} h5 19. Nc2
g4 {with a double-edged position.} (19... h4 $2 20. gxh4 gxh4 21. Kh1 {[%cal
Gd1g1]})) (18. Nc2 $2 dxc4) 18... h5 19. cxd5 $2 {I spent 30 minutes on this
move and, as often happens, played one of the worst in the position.} (19. e4
$6 dxe4 20. fxe4 Nxe4 21. Bxe4 fxe4 22. Rxe4 Qg6 {is the move I missed when
playing Re1 after which White doesn't have anything better than} 23. c5 $1 Qxe4
24. Qxg5+ Kf7 25. Qxh5+ Kg7 26. Qg5+ $11) (19. Nb1 $5 {was my first choice and
probably would be a decent one.} e5 $5 {was the move which worried me during
the game.} (19... Kh8 $5 20. Nd2 h4 21. e4 dxe4 22. fxe4 Ng4 23. e5 Be7 24. Qc3
{is another possible line which would lead to a position where it is not clear
at all what's going on and who is playing for more.}) 20. cxd5 Nxd5 21. e4 $1
fxe4 22. Rxe4 exd4 23. Bxd4 N7f6 {with a complicated position but White is not
worse by any means.} 24. Re2 (24. Nc3 $5 Nxc3 25. bxc3 Bf5 26. Nf2 {is typical
Stockfish line where a lot of calculation is required.}) 24... h4 (24... Bf5
25. Nf2 Rae8 26. Rxe8 Rxe8 27. Nd2 $14) 25. g4 $1 {A very ugly move but it
Black cannot exploit the f4 square.} Nf4 26. Nxf4 Bxf4 27. Qc4+ Qf7 28. Nd2 $1)
19... exd5 $17 20. Nb1 {Black has now a wide choice of good moves and has a
very comfortable position. Not something I wanted in a must-win situation...}
Kh8 ({Computers at first are very optimistic about} 20... Ne4 $5 {but after}
21. fxe4 fxe4 22. Ne5 Nxe5 23. dxe5 Bxe5 24. Nc3 {White can still defend even
though his moves are definitely not simple.} h4 25. Rf1 $1 Be6 26. gxh4 $1 e3
27. Bxe3 d4 28. Bxg5 dxc3 29. bxc3 Bxc3 30. Rxf8+ Rxf8 31. Rb1 $13) ({Another
engine suggestion is} 20... Nb8 $5 {which might look deep at first but it
makes perfect sense - opening c8 bishop and intending Na6-b4 with the idea of
exchanging the d3 knight - the only strong white piece.} 21. Nd2 Na6 22. Nb3
Nb4 23. Nbc5 h4 24. gxh4 f4 25. Ne5 g4 $13) 21. Nc3 h4 $1 ({Black's position
is so good that even after "normal"} 21... Nb6 {he is just better}) 22. gxh4
gxh4 23. Kh1 h3 $1 24. Bxh3 $5 {Of course during the game I felt that it's
very likely Black is much better here or even winning, but I didn't really
have a choice as} (24. Bf1 Rg8 {felt rather sad.}) 24... Qh7 25. Nf4 $1 {
I think this move deserves an exclamation mark for the practical value.There
are so many "good" moves for Black as it's easy to lose track. At least this
is what I was counting on, especially with time slowly running out for my
opponent.} Nh5 $4 {One of two things I thought are possible to overlook.} ({
The main idea of course was that taking the piece is not as clear as one would
think:} 25... Bxf4 $2 26. Qxf4 Qxh3 27. Bh4 $1 {and now it's actually Black
who has to find a draw with} Ng4 $1 28. Bg3 Ngf6 $11) (25... Rg8 26. Rg1 Rxg1+
27. Kxg1 {but also here White is still very much in the game.}) (25... Qh6 $1 {
was the move which I was the most concerned over the board, and rightly so.}
26. Bg3 Rg8 $1 {and things are bad for White as} 27. Rg1 $4 {takes the
important square from the king...} ({White's best chance would be to wait with
} 27. Rf1 {as after} Bxf4 28. Qxf4 Qxh3 29. Rg1 {thanks to the dark squares
White has some practical compensation.}) 27... Rxg3 28. hxg3 Bxf4 29. Qxf4
Qxh3#) 26. Ne6 $1 {And now is Black who has to be very careful already!} Re8 $4
(26... Ng7 $1 27. Ng5 Qh5 28. Rg1 Nf6 29. Rg2 {would lead to double-edged
position where everything would be possible.}) 27. Ng5 Qg6 28. Nf7+ $1 $18 {
The trick my opponent missed and which gives White a huge edge.} Qxf7 29. Qh6+
Qh7 30. Qxd6 Ndf6 $6 (30... Ng7 {would be more stubborn but also here Black's
position looks already lost} 31. Rg1 Re6 (31... Qxh3 $2 32. Rg6 {[%cal Gg6h6]})
32. Qg3 Nf8 33. e4) 31. Bh4 Qf7 32. Rg1 f4 33. Bxc8 {I remember spending quite
some time on this move. My position looked so winning that I was looking for
something more forcing. It wasn't there but fortunately a resulting endgame
was rather hopeless for my opponent.} Raxc8 34. Bxf6+ Qxf6 35. Qxf6+ Nxf6 36.
Rg6 Nh7 37. Rag1 $6 (37. Rg4 $1 {would be more precise. Now Black cannot
exchange rooks.} Rf8 38. Rag1 Rce8 39. R1g2 {[%cal Gc3a2,Ga2c1,Gc1d3]}) 37...
Rc7 (37... Rg8 $5 38. Rxg8+ (38. Re6 Rxg1+ 39. Kxg1 Ng5 40. Re7 Rg8 41. Kf2 Rg7
42. Re5) 38... Rxg8 39. Rxg8+ Kxg8 40. Na2 Nf8 $1 {and with some Ne6 coming I
might get some doubts, even though White is still winning after} 41. b4 $1 axb4
42. Nxb4 Ne6 43. Nc2 Kf7 44. Kg2 Kf6 45. a5 Kg5 46. Kf2 Kh4 47. e3 $18) 38.
R1g4 $1 {Now it's over, I just need to bring my king to the centre and
re-route my knight which is exactly what happened in the game.} Rf7 39. Kg1 Nf8
40. Rh6+ Nh7 41. Kf2 Rg8 42. Rgh4 Rg5 43. Na2 $1 {[%cal Ga2c1,Gc1d3]} Kg8 44.
Nc1 Nf8 45. Nd3 Ng6 46. Rg4 Kg7 47. Rxg5 Kxh6 48. Rxg6+ $1 Kxg6 49. Ne5+ Kf6
50. Nxf7 Kxf7 51. e4 fxe3+ 52. Kxe3 b6 53. h4 c5 54. f4 Kg7 55. Kf3 Kg6 56. Kg4
Kg7 57. h5 Kf6 58. f5 cxd4 59. h6 {Big victory win for me as it allowed me to
win Biel for the first time!} 1-0

[Event "Novgorod op"]
[Site "Novgorod"]
[Date "1995.??.??"]
[Round "4"]
[White "Yakovich, Yuri"]
[Black "Lugovoi, Aleksei"]
[Result "1/2-1/2"]
[WhiteElo "2555"]
[BlackElo "2485"]
[Annotator "Yakovich,Y"]
[PlyCount "46"]
[EventDate "1995.05.??"]
[EventType "swiss"]
[EventRounds "9"]
[EventCountry "RUS"]
[SourceTitle "EXT 2000"]
[Source "ChessBase"]
[SourceDate "1999.11.16"]
[SourceVersion "1"]
[SourceVersionDate "1999.11.16"]
[SourceQuality "1"]

1. d4 Nf6 2. c4 e6 3. Nf3 Bb4+ 4. Nbd2 d5 5. Qa4+ Nc6 6. a3 Bxd2+ 7. Bxd2 Ne4
8. Qc2 e5 9. dxe5 Bf5 10. e3 $5 {N/} Ng3 11. Qb3 Nxf1 (11... Nxh1 12. cxd5 Ne7
13. e4 Bg4 14. e6 O-O 15. exf7+ (15. Ne5 $2 Bh5) 15... Rxf7 16. Ne5 $44) 12.
Rxf1 dxc4 13. Qxb7 Be4 14. Nd4 Rb8 15. Qxc6+ $5 (15. Nxc6 Qxd2+ $1 (15... Rxb7
$6 16. Nxd8 Rxb2 17. e6 $1 Kxd8 18. exf7 Bd3 19. Bb4 $1 $18) 16. Kxd2 Rxb7 17.
Nb4 c5 18. f3 Bg6 19. Nc2 Bd3 20. Rfb1 Ke7 21. b4 Rhb8 $13) 15... Bxc6 16. Nxc6
Qd5 (16... Qc8 17. Nxb8 Qxb8 18. O-O-O O-O 19. Bc3 Rd8 20. Rxd8+ Qxd8 21. Rd1
Qe7 $14) 17. Nxb8 O-O 18. Na6 Qb5 19. O-O-O (19. Nb4 a5 20. O-O-O Rb8 $1 {/\c5/
}) 19... Qxa6 20. Bc3 Qh6 21. h3 Qg5 22. Rg1 h6 (22... h5 $6 23. g4 $1) 23. Rd4
Rd8 (23... Rd8 24. f4 Qh4 25. g3 Qe7 26. Rxc4 Qe6 27. Rxc7 Qxh3 $14) 1/2-1/2

[Event "London Classic 9th"]
[Site "London"]
[Date "2017.12.04"]
[Round "3"]
[White "Aronian, Levon"]
[Black "Karjakin, Sergey"]
[Result "1/2-1/2"]
[WhiteElo "2805"]
[BlackElo "2782"]
[Annotator "Yermolinsky,A"]
[PlyCount "65"]
[EventDate "2017.12.01"]
[EventType "tourn"]
[EventRounds "9"]
[EventCountry "ENG"]
[EventCategory "22"]
[SourceTitle "CBM 182"]
[Source "ChessBase"]
[SourceDate "2018.01.17"]
[SourceVersion "1"]
[SourceVersionDate "2018.01.17"]
[SourceQuality "1"]

1. d4 Nf6 2. c4 e6 3. g3 Bb4+ 4. Bd2 Be7 5. Bg2 d5 6. Nf3 O-O 7. O-O Nbd7 {
Black has been solid in this line, which resembles the Closed Catalan, only
with the white bishop misplaced on d2.} 8. Na3 $5 {Aronian always seeks a new
path. The development of the knight to the edge of the board takes care of the
c4-pawn and allows White to get his major pieces out.} c6 9. Rc1 Ne4 10. Be3 f5
{Sergey took a bit of time here. Normally he's not a big fan of the Stonewall
formation.} ({Levon already had an occasion in this line to showcase his
positional skills:} 10... Bxa3 11. bxa3 Nd6 12. c5 Nc4 13. Rxc4 $1 dxc4 14. Qc2
{Aronian-Giri, Tata Steel 2017.}) (10... b6 {is supposed to be met with} 11.
cxd5 cxd5 {but White didn't get so much out the c-file in Gozzoli-Meier, 2017:}
12. Bf4 Ba6 13. Bc7 Qe8 14. Ne1 Bxa3 15. bxa3 Qe7) 11. Rc2 a5 {Sergey wanted
to stop White's expansion on the queenside.} ({Alternatively he could have
invited it:} 11... Bf6 12. b4 Qe7 13. c5 {counting on the counterplay with} b6
$1) 12. Qc1 Bf6 13. Rd1 g5 14. Nb1 (14. Ne5 $5 {is what White always wants to
do in the Stonewall. It's not really a pawn sacrifice here, as} Nxe5 (14... Qe7
$5) 15. dxe5 Bxe5 16. f3 {gets it back. The position after} Nd6 (16... f4 {
is very risky:} 17. fxe4 fxe3 18. cxd5) 17. Bxg5 Bf6 18. Bxf6 Qxf6 19. e3 {
is slightly better for White, who will try to get a hold of dark squares, such
as in} Bd7 20. c5 Nf7 21. f4 e5 22. Nc4) 14... Rf7 15. Nc3 Rg7 16. Ne1 {
Aronian continues to manoeuvre.} ({A standard method in such positions is} 16.
Nxe4 fxe4 17. Nd2 {I think Levon was concerned with the future of his knight
after} ({or} 17. Ne1 {with the same idea, although in that case Black can try
the surprising} b5 $5 18. cxb5 cxb5 19. f3 Bb7) 17... Rf7 (17... a4 $5) 18. f3
exf3 19. exf3 a4 {but then White can try the direct} 20. f4 $5 gxf4 21. gxf4)
16... Nd6 17. b3 ({Anotrher surprising line that didn't see the light of the
day was} 17. c5 Nc4 (17... Nf7 $11 {may have been the reason Aronian didn't
want to close the position.}) 18. Bxg5 Bxg5 19. f4 Be7 20. b3 b5 21. bxc4 bxc4
$13) 17... dxc4 18. Na4 ({After} 18. bxc4 Nxc4 19. Ne4 Nxe3 20. Nxf6+ Qxf6 21.
Qxe3 {White has enough compensation, but Black counters with} e5 {before White
can clamp down on that square.}) 18... cxb3 19. axb3 Nb5 20. Nd3 $5 {One
cannot accuse Levon Aronian of not trying. The second pawn is offered.} Qe8 {
Sergey thought better of that.} ({Both} 20... Nxd4 21. Bxd4 Bxd4 22. Rcd2 Qe7)
({and to a lesser extent} 20... Bxd4 21. Bxd4 Nxd4 22. Rb2 Qe7 23. e3 Nb5 24.
Rbd2 {were playable.}) 21. Ne5 f4 22. gxf4 gxf4 23. Bxf4 Nxd4 24. Rxd4 Nxe5 25.
Rd1 Qg6 26. Bg3 h5 {At first sight White's situation looks critical, but both
players realised that the threat of h5-h4 was only good to win a piece, not to
checkmate the white king.} 27. Nb6 Rb8 28. Rcd2 Nf7 ({Here is a line to
illustrate the point.} 28... h4 29. Rd8+ Bxd8 30. Rxd8+ Kh7 31. Nxc8 hxg3 32.
hxg3 Qf6 33. Be4+ Ng6 34. Qd2 {White is only down the exchange with a solidly
protected king, which cannot be said about its black counterpart.}) 29. Qc5 $5
{Aronian insists on "losing" a piece.} ({He could have played} 29. Qc2 {
to take care of the problem on the g-file.} Qxc2 30. Rxc2 e5 31. Nxc8 Rxc8 32.
h4 {White has compensation, but hardly more.}) 29... e5 {Agaijn, Karjakin says
thanks, but no thanks.} (29... h4 30. Nc4 hxg3 31. hxg3 b6 {otherwise it's
hard to save the Rb8 from the attack by the white queen.} 32. Qxc6 Ba6 33. Qxe6
Kh8 34. Rd7 Bxc4 35. Qxc4 {is objecively about equal, but it's harder to play
for Black, particularly when low on time.}) 30. Qc4 Kh8 31. h4 $6 {After the
game Levon expressed his regret at letting the formerly bad Bc8 live.} ({
Indeed,} 31. Nxc8 Rxc8 32. h4 {was a better choice.}) 31... Bf5 32. Nd7 Rbg8
33. Kh1 {With this move Aronian offered a draw. By his own admission, Levon
"cheated" a bit, as no such offers should remain part of chess competition.} (
33. Nxf6 Qxf6 34. Qc3 Rg4 {already slightly favours Black, who aims to have a
go at the white king, e.g} 35. Qxa5 $2 Rxh4 $1 36. Bxh4 Qxh4 $19) ({In the
game continuation} 33. Kh1 $2 {Black had a large, if not outright decisive
advantage. Karjakin said he didn't see} Be7 $1 {saving the bishop and
preparing the shot on h4.} 34. e3 (34. e4 Bxd7 35. Rxd7 Bxh4 {as the 4th rank
is now blocked.}) 34... e4 $1 35. Rg1 Bd6 $19) 1/2-1/2

[Event "Moscow Petrosian Memorial"]
[Site "Moscow"]
[Date "1995.??.??"]
[Round "4"]
[White "Shipov, Sergei"]
[Black "Zagrebelny, Sergey"]
[Result "0-1"]
[WhiteElo "2510"]
[BlackElo "2510"]
[Annotator "Zagrebelny,S"]
[PlyCount "120"]
[EventDate "1995.??.??"]
[EventType "tourn"]
[EventRounds "11"]
[EventCountry "RUS"]
[EventCategory "10"]
[SourceTitle "CBM 046"]
[Source "ChessBase"]
[SourceDate "1995.06.01"]
[SourceVersion "1"]
[SourceVersionDate "1995.06.01"]
[SourceQuality "1"]

1. d4 Nf6 2. c4 e6 3. Nf3 Bb4+ 4. Bd2 Qe7 5. g3 Nc6 6. Bg2 O-O 7. O-O Bxd2 8.
Qxd2 d6 9. Nc3 e5 10. d5 Nb8 11. e4 a5 12. Ne1 c6 13. Nd3 Na6 (13... cxd5 $32
14. cxd5 Na6) 14. a3 (14. f4 $5 Nb4 (14... cxd5 15. exd5 $1 $14) 15. fxe5 dxe5
16. c5 Nxd3 17. d6 Qd8 18. Qxd3 b6 $1 $13) 14... cxd5 15. cxd5 Bd7 16. Rfc1 (
16. b4 $5 axb4 17. axb4 Rac8 18. Rfb1 Ne8 $5 19. b5 Nc5 20. Ra2 Rb8 {/\f5<=>/})
16... a4 $10 17. f3 Rfc8 18. Nd1 Qd8 19. Rxc8 Rxc8 20. Rc1 Qb6+ (20... Nc5 $32
21. Nxc5 dxc5) 21. Qf2 Qb3 $6 (21... Rxc1 $2 22. Qxb6 Rxd1+ 23. Bf1 Bh3 24.
Qd8+ $18) (21... Qxf2+ 22. Kxf2 $14) (21... Nc5 $1 $10) 22. Rxc8+ Bxc8 23. Nc3
Nd7 $8 24. Nc1 $1 (24. Bf1 Ndc5 25. Nc1 Qb6 $10) 24... Qc4 25. Bf1 Qc7 26. Qa7
Ndb8 $8 (26... Ndc5 27. Nd3 Bd7 $2 (27... Nxd3 28. Bxd3 Nc5 (28... Qc5+ 29.
Qxc5 Nxc5 30. Bb5 $18)) 28. Qa8+ Qc8 29. Qxc8+ Bxc8 30. Nb5 $16) 27. Bb5 $2 (
27. Nd3 Bd7 28. Nb4 Nxb4 29. axb4 $16) 27... Bd7 28. Nd3 (28. Bf1 $5) 28... g6
(28... Bxb5 29. Nxb5 Qc2 30. Qxb7 $18) 29. Bxa6 Nxa6 30. Kf2 Kg7 31. Qe3 Qc4
32. Ke1 h6 $6 (32... Nc7 $1 33. Kd2 Nb5 34. Nxb5 Bxb5 $17) 33. Kd2 Qb3 34. Kc1
Nc7 35. Qa7 $1 g5 36. h4 Bb5 37. Nf2 Ba6 38. hxg5 hxg5 39. Qe3 f6 40. Nfd1 $2 (
40. f4 Nb5 41. fxg5 Nd4 42. gxf6+ Kg6 43. Qd2 Qc4 44. Qd1 $1 Kxf6 $13) 40...
Nb5 41. Nxb5 Qxb5 42. f4 (42. g4 Qe2 43. Qxe2 Bxe2 44. Kd2 Bxf3 45. Nf2 $10)
42... Qc4+ 43. Kd2 (43. Nc3 exf4 44. gxf4 Qf1+ 45. Kd2 gxf4 $19) 43... exf4 44.
gxf4 gxf4 45. Qf3 (45. Qxf4 Qe2+ 46. Kc1 Bd3 $19) 45... Qd4+ 46. Kc1 Qg1 $1 47.
Kd2 (47. Qxf4 Be2 48. Qd2 Bxd1 49. Qxd1 Qe3+ 50. Qd2 Qxe4 $19) 47... Qh2+ 48.
Qf2 Qh6 49. Qf3 Qh4 50. Nf2 Qg3 51. Qg4+ Qxg4 52. Nxg4 Kg6 53. Nf2 Kg5 54. e5
fxe5 55. Ne4+ Kg4 56. Nxd6 Kf3 57. Nf7 Ke4 $1 58. d6 Bb5 59. Ke1 Kd5 60. Kf2
Bc6 0-1